• 首页
  • 本馆介绍
  • 公告通知
  • 最新文献
  • 馆藏检索
  • 电子资源
  • 读者导购
  • 参考咨询
  • 我的图书馆
  • 登录
  • 详细信息显示
  • 放入我的书架
  • 预约/预借图书
  • 作者相关作品
  • 分类相关作品
  • 丛书相关作品
  • 出版社相关作品

书目信息

  • 表格格式
  • 工作单格式
  • 卡片格式
题名:
文莱:历史、经济和现状
    
 
作者: 拉·维·叶法诺娃 著 ;中山大学东南亚历史研究室 译
分册:  
出版信息: 北京   商务印书馆  1978.6
页数: 140页
开本: 20cm
丛书名:
单 册:
中图分类: K344
科图分类:
主题词: 亚洲--历史
电子资源:
ISBN:
000 00745nam0 2200229 45
001 0212050961
005 20060814083106.59
010    @dCNY0.52
091    @a11017.425
100    @a20021205d1978 km y0chiy0120 ea
101 0  @achi
200 1  @a文莱:历史、经济和现状@AWen Lai:Li Shi、Jing Ji He Xian Zhuang@f(苏)拉·维·叶法诺娃著@F(Su)La·Wei·Ye Fa Nuo Wa Zhu@g中山大学东南亚历史研究室译
210    @a北京@c商务印书馆@d1978.6
215    @a140页@d20cm
300    @a附录:译名对照表
300    @a内部读物
606 0  @a亚洲@x历史
690    @aK344@v1
701  0 @a拉·维·叶法诺娃@4著
712 02 @a中山大学东南亚历史研究室@AZhong Shan Da Xue Dong Nan Ya Li Shi Yan JiuShi@4译
801    @aCN@bTSTC@c20060814
905    @f2@b219160-161@dK344@e1
    
    文莱:历史、经济和现状/(苏)拉·维·叶法诺娃著/中山大学东南亚历史研究室译.-北京:商务印书馆,1978.6
    140页;20cm
    附录:译名对照表.-内部读物
    
    ISBN :CNY0.52
    
●
相关链接 在E读中查询图书 在五车中查询图书 在当当中查询图书 在豆瓣中查询图书


正题名:文莱:历史、经济和现状     索取号:K344/1         预约/预借

序号 登录号 条形码 馆藏地/架位号 状态 备注
1 0219160   001732021   密集书库/ [索取号:K344/1] 在馆    
2 0219161   001732067   密集书库/ [索取号:K344/1] 在馆    
3 0462256   204622569   密集书库/ [索取号:K344/1] 在馆    
4 0462257   204622578   密集书库/ [索取号:K344/1] 在馆    
唐山师范学院图书馆 欢迎您!
大连网信软件有限公司© 版权所有